Selections from 'modern english teacher' /

Guardado en:
Autor Principal: Moorwood, Helen
Formato: Libro
Publicado: Inglaterra : Longman, 1980
Materias:
Etiquetas: Agregar Etiqueta
Sin Etiquetas, Sea el primero en etiquetar este registro!
LEADER 00463nam a22001695a 4500
001 CEM.cems007437
005 20060214000000.0
008 130507s1980##################000#0#####d
003 CEMS
082 0 4 |a 428.64 
100 1 |a Moorwood, Helen 
245 1 0 |a Selections from 'modern english teacher' / 
260 |a Inglaterra :  |b Longman,  |c 1980 
300 |a 108 p. 
653 |a Ingles 
653 |a Ingles-textos 
859 |a CEMS  |b BIB. CEMS - 11 de abril  |h 428.64  |i M789  |p 17319.93  |t Ej.1